000
00303nam a2200109Ia 4500
008
201217s9999 xx 000 0 und d
100
_a
Kannappan, S
245
0
_a
Human Resource Development and Productivity : New Perspectives
260
_a
New Delhi
_b
National Ports Council
300
_a
203
942
_c
BK
999
_c
7819
_d
7819